000 00979nam a22002175i 4500
001 163914
003 ES-MaACL
005 20250522142836.0
008 010508s1850 sp |||| | spa d
040 _aCCPB | B
_bspa
_cCCPB | B
100 1 _aRomani, Felice.
_999243
245 1 3 _aLa estranjera
_b: melodrama /
_c[Felice Romani ; música de Bellini].
260 _aMadrid :
_b[s.n.],
_c1850 (
_fpor Aguado, impresor)
300 _a101 p. ;
_c22 cm.
546 _aTexto en español e italiano.
594 _aAutor del libreto tomado de p. 6 y autor de la música de p. 10.
700 1 _aBellini, Vincenzo,
_d1801-1835
_9240607
852 _aES-MaACL
_jB-386
_z-- Enc. moiré
_x-- Edic.: añadir T594 Texto paralelo italiano-español -- El autor, que firma el prólogo, es Felice Romaní -- Añadir en subtít.: "... : melodrama que ha de representarse en el Teatro del Real Palacio el día 20 de enero de 1850"
999 _c163914
_d163914